000 00925cab a2200253 4500
001 ABS56330
008 090401t1996 xxu||||| |||| 00| 0 eng d
035 _a(Sirsi) u22917
041 _aeng
245 _aLothian (Marquess of) v Coal Authority
260 _c1996
350 _a0
490 _aRating & Valuation Reporter
_v[1996] 36 RVR 252-258(7)
520 _aLTS 15 May 1996. The claim relates to damage to a grain store building on a farm. LTS held that the damage was not caused by the withdrawal of support from land by mining operations but more probably the result of a combination of bearing failure and settlement.
650 _aCOAL MINING SUBSIDENCE ACT 1991 S40
650 _aDAMAGE
650 _aDAMAGES CLAIM
650 _aFARM BUILDINGS
650 _aMINING SUBSIDENCE
650 _aSCOTLAND
690 _aCOMPULSORY PURCHASE AND COMPENSATION-CASE LAW
942 _n0
948 _c04/03/1997
999 _c15366
_d15366